[Event "ARA Campeonato de Aragon por Equipos Preferente Grupo II (204366)"]
[Site ""]
[Date "2019.03.23"]
[Round "9.56"]
[White "Agustin De Dios, Adrian"]
[Black "Ayensa Vazquez, Jose Angel"]
[Result "1-0"]
[WhiteElo "1717"]
[BlackElo "1431"]
[PlyCount "0"]
[WhiteTeam "Fraga"]
[BlackTeam "St. Casablanca B"]
[EventDate "2019.01.26"]

1. e4 c5 2. Nc3 d6 3. g3 Nf6 4. Bg2 a6 5. d3 Nbd7 6. Be3 e5 7. Nge2 Be7 8. O-O
b5 9. f4 Bb7 10. fxe5 dxe5 11. Nd5 Nxd5 12. exd5 Bd6 13. c4 O-O 14. Be4 Nf6 15.
Bg5 Be7 16. d6 Bxe4 17. dxe7 Qxe7 18. dxe4 Rad8 19. Qc2 Rd6 20. Nc3 Qd7 21.
Rad1 b4 22. Rxd6 Qxd6 23. Rd1 Qe6 24. Nd5 Ng4 1-0

[Event "ARA Campeonato de Aragon por Equipos Preferente Grupo II (204366)"]
[Site ""]
[Date "2019.03.23"]
[Round "9.57"]
[White "Manguez Tomas, Andres"]
[Black "Fontana Sotomayor, Luis Javier"]
[Result "1/2-1/2"]
[WhiteElo "1933"]
[BlackElo "2256"]
[PlyCount "0"]
[WhiteTeam "Agrupacion C"]
[BlackTeam "Jaime Casas B"]
[EventDate "2019.01.26"]

1. d4 Nf6 2. c4 c5 3. g3 cxd4 4. Qxd4 Nc6 5. Qd1 d5 6. cxd5 Qxd5 7. Qxd5 Nxd5
8. Bg2 Ndb4 9. Na3 e5 10. Bd2 Be6 11. Nf3 f6 12. O-O a6 13. b3 O-O-O 14. Bxb4
Bxb4 15. Nc2 Bc5 16. Rac1 Kb8 17. h3 e4 18. Nh2 f5 19. Rfd1 Nd4 20. Nxd4 Bxd4
21. e3 Bb2 22. Rxd8+ Rxd8 23. Rc2 Rd1+ 24. Bf1 Ba3 25. Kg2 Bc8 26. Be2 Rb1 27.
Nf1 b5 28. Nd2 Rc1 29. Rxc1 Bxc1 30. Nf1 Kc7 31. g4 f4 32. exf4 Bxf4 33. Ng3
Bb7 34. f3 exf3+ 35. Bxf3 Bxf3+ 36. Kxf3 Bxg3 37. Kxg3 Kc6 38. Kf4 Kc5 39. Ke5
Kb4 40. h4 Ka3 41. Ke6 Kxa2 42. Kf7 b4 43. Kxg7 a5 44. Kxh7 a4 45. bxa4 b3 46.
g5 b2 47. g6 b1=Q 48. h5 Qf5 49. h6 Kb3 50. a5 Qxa5 51. g7 Qf5+ 52. Kh8 Qe5 53.
Kh7 Qe7 54. Kh8 Qf6 55. Kh7 Qf5+ 56. Kh8 1/2-1/2

[Event "ARA Campeonato de Aragon por Equipos Preferente Grupo II (204366)"]
[Site ""]
[Date "2019.03.23"]
[Round "9.58"]
[White "Rodriguez Leiva, Manuel"]
[Black "Garcia Valer, Jesus"]
[Result "1/2-1/2"]
[WhiteElo "1932"]
[BlackElo "1841"]
[PlyCount "0"]
[WhiteTeam "Jaime Casas B"]
[BlackTeam "Agrupacion C"]
[EventDate "2019.01.26"]

1. c4 c5 2. Nc3 Nf6 3. g3 Nc6 4. Bg2 e6 5. Nf3 Be7 6. O-O O-O 7. d4 cxd4 8.
Nxd4 a6 9. e4 d6 10. Be3 Qc7 11. Rc1 Bd7 12. b3 Nxd4 13. Bxd4 Rac8 14. Re1 e5
15. Be3 Qb8 16. Bg5 Be6 17. Qd2 h6 18. Bxf6 Bxf6 19. Rcd1 Be7 20. Nd5 Bxd5 21.
Qxd5 Rc5 22. Qd3 b5 23. cxb5 axb5 24. Bf1 Rfc8 25. b4 Rc2 26. Qd5 Qa7 27. Rd2
Rxd2 28. Qxd2 Qa4 29. Bd3 d5 30. Rc1 Rxc1+ 31. Qxc1 Qxb4 32. Qc8+ Bf8 33. exd5
e4 34. Bf1 Qd2 35. Qe8 Qxd5 36. Bxb5 Qxa2 37. Qxe4 Qa1+ 38. Kg2 Qf6 39. Bd3 g6
40. h4 Kg7 41. h5 Bc5 42. hxg6 fxg6 43. Qb7+ Be7 44. Bc4 Qd6 45. Qc8 Bf8 46.
Qb7+ Be7 47. Ba2 Qf6 48. Qc8 Bd8 49. Qd7+ Be7 50. Qd5 Qf8 51. Qe6 Bf6 52. f4 h5
53. Bd5 Qe7 54. Qxe7+ Bxe7 55. Kf3 Kf6 56. Be4 Bc5 57. Bd3 Bb6 58. Be4 1/2-1/2

[Event "ARA Campeonato de Aragon por Equipos Preferente Grupo II (204366)"]
[Site ""]
[Date "2019.03.23"]
[Round "9.59"]
[White "Olivan Lopez, Dario"]
[Black "Buil Rello, Jose Antonio"]
[Result "1/2-1/2"]
[WhiteElo "1723"]
[BlackElo "1761"]
[PlyCount "0"]
[WhiteTeam "Agrupacion C"]
[BlackTeam "Jaime Casas B"]
[EventDate "2019.01.26"]

1. e4 d6 2. d4 g6 3. Nc3 Bg7 4. Bg5 Nd7 5. f4 c6 6. e5 Nb6 7. Ne4 Qc7 8. Qe2
Be6 9. b3 d5 10. Nc5 Nd7 11. Nxe6 fxe6 12. Qd2 Nh6 13. Nf3 a5 14. Bd3 Nf8 15.
O-O Nf7 16. Bh4 Nh6 17. a4 Qb6 18. Bf2 Ng4 19. Bh4 Nh6 20. Bf2 Ng4 21. Bh4
1/2-1/2

[Event "ARA Campeonato de Aragon por Equipos Preferente Grupo II (204366)"]
[Site ""]
[Date "2019.03.23"]
[Round "9.60"]
[White "Salas Latorre, Jose"]
[Black "Pedrol Aguila, Mario"]
[Result "1-0"]
[WhiteElo "1718"]
[BlackElo "1568"]
[PlyCount "0"]
[WhiteTeam "Jaime Casas B"]
[BlackTeam "Agrupacion C"]
[EventDate "2019.01.26"]

1. c4 g6 2. e4 d6 3. d4 Bg7 4. Nf3 Nd7 5. Nc3 c5 6. Be3 b6 7. Be2 Ngf6 8. h3
O-O 9. O-O cxd4 10. Bxd4 Nc5 11. Re1 Ncxe4 12. Nxe4 Nxe4 13. Bxg7 Kxg7 14. Qd5
Bf5 15. Qd4+ Nf6 16. Rad1 Kg8 17. Bd3 Qd7 18. Bxf5 gxf5 19. Qf4 Kh8 20. Nh4 Rg8
21. Qxf5 Qa4 22. b3 Qxa2 23. Rxe7 Kg7 24. Qg5+ Kf8 25. Qxf6 1-0

[Event "ARA Campeonato de Aragon por Equipos Preferente Grupo II (204366)"]
[Site ""]
[Date "2019.03.23"]
[Round "9.61"]
[White "Faro Perella, Alberto"]
[Black "Accattato Martin, Mario"]
[Result "0-1"]
[WhiteElo "1960"]
[BlackElo "2215"]
[PlyCount "0"]
[WhiteTeam "Binefar"]
[BlackTeam "Monzon"]
[EventDate "2019.01.26"]

1. d4 d5 2. Nf3 Nf6 3. e3 g6 4. c4 c6 5. Nc3 Bg7 6. Be2 O-O 7. O-O dxc4 8. Bxc4
Bg4 9. h3 Bxf3 10. Qxf3 Nbd7 11. Rd1 e5 12. d5 e4 13. Nxe4 Nxe4 14. Qxe4 Nf6
15. Qf3 cxd5 16. Bxd5 Nxd5 17. e4 Qa5 18. Rxd5 Qe1+ 19. Kh2 Rad8 20. Qe3 Qf1
21. Qxa7 Rxd5 22. exd5 Re8 23. d6 Be5+ 24. f4 Bxd6 25. Qxb7 Re1 26. Qc8+ Kg7
27. Qc3+ f6 28. Qf3 Qxf3 29. gxf3 Rxc1 30. Rxc1 Bxf4+ 31. Kg2 Bxc1 0-1

[Event "ARA Campeonato de Aragon por Equipos Preferente Grupo II (204366)"]
[Site ""]
[Date "2019.03.23"]
[Round "9.62"]
[White "Barranco Mananet, Fernando"]
[Black "Garcia Alriols, Jesus"]
[Result "1/2-1/2"]
[WhiteElo "2045"]
[BlackElo "1806"]
[PlyCount "0"]
[WhiteTeam "Monzon"]
[BlackTeam "Binefar"]
[EventDate "2019.01.26"]

1. Nf3 Nf6 2. c4 e6 3. e3 b6 4. b3 Bb7 5. Bb2 d5 6. Be2 Be7 7. Qc2 Nbd7 8. Nc3
c5 9. cxd5 exd5 10. O-O O-O 11. d4 Ne4 12. dxc5 Rc8 13. Nxe4 dxe4 14. Nd4 Nxc5
15. Qd2 Bf6 16. Rfd1 a6 17. Rac1 Qd5 18. Ba3 Rfd8 19. Bg4 Rb8 20. Qe2 Nd3 21.
Rc4 b5 22. Rc7 Be5 23. Rxf7 Bxd4 24. Re7 Qg5 25. exd4 b4 26. Rxb7 Rxb7 27. Qxe4
Nxf2 28. Kxf2 Re7 29. Be6+ Kh8 30. Bxb4 Qf6+ 31. Qf3 Rxe6 32. Qxf6 Rxf6+
1/2-1/2

[Event "ARA Campeonato de Aragon por Equipos Preferente Grupo II (204366)"]
[Site ""]
[Date "2019.03.23"]
[Round "9.63"]
[White "Saura Solano, Jose Luis"]
[Black "Arrieta Restrepo, Steven"]
[Result "0-1"]
[WhiteElo "1773"]
[BlackElo "1949"]
[PlyCount "0"]
[WhiteTeam "Binefar"]
[BlackTeam "Monzon"]
[EventDate "2019.01.26"]

1. Nf3 Nf6 2. c4 g6 3. g3 Bg7 4. Bg2 O-O 5. O-O d6 6. d4 Nbd7 7. Nc3 c6 8. Re1
e5 9. Qc2 Re8 10. e4 exd4 11. Nxd4 Qb6 12. Nb3 Qb4 13. Bf1 Ne5 14. Nd2 Be6 15.
Qb3 a5 16. Kg2 b5 17. Qc2 Nxc4 18. Nb3 a4 19. Nd4 Bd7 20. Bf4 Nh5 21. Be3 Qxb2
22. Bxc4 Qxc2 23. Bxf7+ Kxf7 24. Nxc2 0-1

[Event "ARA Campeonato de Aragon por Equipos Preferente Grupo II (204366)"]
[Site ""]
[Date "2019.03.23"]
[Round "9.64"]
[White "Hidalgo Gracia, Andres"]
[Black "Arino Castan, Federico"]
[Result "0-1"]
[WhiteElo "1846"]
[BlackElo "1727"]
[PlyCount "0"]
[WhiteTeam "Monzon"]
[BlackTeam "Binefar"]
[EventDate "2019.01.26"]

1. c4 Nf6 2. Nc3 d5 3. cxd5 Nxd5 4. d4 Nxc3 5. bxc3 g6 6. Nf3 Bg7 7. Bf4 O-O 8.
e3 c5 9. Bd3 Qa5 10. Qd2 Nc6 11. Rb1 a6 12. O-O Re8 13. Rfd1 cxd4 14. cxd4 Qxd2
15. Rxd2 e5 16. dxe5 Nxe5 17. Nxe5 Bxe5 18. Bxe5 Rxe5 19. Be2 Rc5 20. Rd8+ Kg7
21. h4 Bf5 22. Rbd1 Rxd8 23. Rxd8 Be6 24. Rb8 Rc1+ 25. Kh2 Rc2 26. Bf3 Rxf2 27.
Rxb7 Rxa2 28. Kg3 a5 29. Rb5 h5 30. Bd5 Bxd5 31. Rxd5 a4 32. Ra5 a3 33. Kf3 Ra1
34. Ke4 a2 35. Ra7 Kf6 36. g3 Ke6 37. Ra6+ Ke7 38. Ra7+ Kd6 39. Ra6+ Kc5 40.
Ra8 Kc4 41. Rc8+ Kb3 42. Rb8+ Kc2 43. Rc8+ Kd2 44. Rd8+ Ke2 45. Rc8 f5+ 46. Ke5
Kxe3 47. Rc3+ Kd2 0-1

[Event "ARA Campeonato de Aragon por Equipos Preferente Grupo II (204366)"]
[Site ""]
[Date "2019.03.23"]
[Round "9.65"]
[White "Fuster Garcia, Luis"]
[Black "Gracia Campo, Carlos Alberto"]
[Result "1-0"]
[WhiteElo "2167"]
[BlackElo "2074"]
[PlyCount "0"]
[WhiteTeam "Marcos Frechin B"]
[BlackTeam "El Olivar B"]
[EventDate "2019.01.26"]

1. e4 d6 2. d4 Nf6 3. Nc3 g6 4. Nf3 Bg7 5. Be2 O-O 6. O-O c5 7. d5 Nbd7 8. a4
Re8 9. Nd2 e6 10. Nc4 Nb6 11. dxe6 Rxe6 12. e5 Ne8 13. Nxb6 Qxb6 14. Bc4 Rxe5
15. f4 Rh5 16. Be2 Rh4 17. g3 Rh3 18. f5 Bxf5 19. Rxf5 gxf5 20. Nd5 Qd8 21. Qf1
Rh6 22. Bxh6 Bxh6 23. Qxf5 Qg5 24. Qf3 Rd8 25. Rf1 Rd7 26. Qe4 Kg7 27. Bd3 Kf8
28. c4 Nc7 29. Nf4 Qe5 30. Qxh7 Bxf4 31. Rxf4 Qe3+ 32. Kg2 Ne6 33. Qh6+ 1-0

[Event "ARA Campeonato de Aragon por Equipos Preferente Grupo II (204366)"]
[Site ""]
[Date "2019.03.23"]
[Round "9.66"]
[White "Bailo Remacha, Santiago"]
[Black "Farinas Argudo, Adrian"]
[Result "1/2-1/2"]
[WhiteElo "1965"]
[BlackElo "1794"]
[PlyCount "0"]
[WhiteTeam "El Olivar B"]
[BlackTeam "Marcos Frechin B"]
[EventDate "2019.01.26"]

1. c4 e5 2. g3 d6 3. Bg2 Nc6 4. Nc3 Be6 5. b3 Qd7 6. Bb2 Nf6 7. Nd5 Bxd5 8.
cxd5 Nb4 9. d4 e4 10. Qb1 Qe7 11. a3 Nbxd5 12. e3 Nb6 13. d5 Nbxd5 14. Ne2 g6
15. O-O Bg7 16. Bxe4 Nxe4 17. Bxg7 Rg8 18. Qd3 Nxe3 19. Qxe3 Rxg7 20. Rfe1 Nc5
21. Qc3 Kf8 22. Nf4 Qd7 23. Nd5 f5 24. Nf6 Qf7 25. Re3 Nd7 26. Nxd7+ Qxd7 27.
Rae1 Rc8 28. Re6 b6 29. Qd4 Kg8 30. Qf6 Rf8 31. Qg5 d5 32. h4 Rff7 33. Re8+ Rf8
34. R8e5 Rff7 35. Qd2 c6 36. Qe2 c5 37. Qd3 d4 38. Re8+ Rf8 39. Qc4+ Qf7 40.
R8e6 h6 41. Qd5 Kh7 42. Qd6 h5 43. a4 Rfg8 44. a5 Qd7 45. Rxg6 Qxd6 46. Rxd6
Rg6 47. Rd5 Rf8 48. axb6 axb6 49. Ree5 Rgf6 50. Kg2 Kg6 51. Kf3 Rc8 52. Kf4
Rcc6 53. f3 Rce6 54. Rxe6 Rxe6 55. b4 Rc6 56. Ke5 cxb4 57. Rxd4 Rc5+ 58. Kf4
Rb5 59. Rd6+ Kg7 60. Kg5 b3 61. Rd7+ Kg8 62. Rd1 b2 63. Rb1 Rb3 64. Kxh5 Rxf3
65. Rxb2 Rxg3 66. Rxb6 Kg7 1/2-1/2

[Event "ARA Campeonato de Aragon por Equipos Preferente Grupo II (204366)"]
[Site ""]
[Date "2019.03.23"]
[Round "9.67"]
[White "Alas Sebastian, Yasmina"]
[Black "Arinez Bruna, Octavio"]
[Result "0-1"]
[WhiteElo "1729"]
[BlackElo "1905"]
[PlyCount "0"]
[WhiteTeam "Marcos Frechin B"]
[BlackTeam "El Olivar B"]
[EventDate "2019.01.26"]

1. e4 c5 2. Nf3 d6 3. d4 cxd4 4. Nxd4 Nf6 5. Nc3 a6 6. f3 e5 7. Nb3 Be6 8. Bg5
Nbd7 9. Qd2 Rc8 10. Be2 Qc7 11. Be3 Be7 12. O-O-O b5 13. Bd3 Nb6 14. Bg5 O-O
15. g4 Nc4 16. Qe1 Qb6 17. h4 h6 18. Bxf6 Bxf6 19. Qg3 Qe3+ 20. Nd2 Nxb2 21.
Kxb2 Rxc3 22. Rhe1 Qc5 23. Nb3 Bxb3 24. axb3 Rc8 25. Rd2 Qd4 26. Kb1 g5 27. h5
Qb4 28. Kb2 a5 29. Qf2 a4 30. Rb1 axb3 31. Kc1 Rxd3 32. Qa7 Qa4 33. Ra1 Qxa7
34. Rxa7 Rxc2+ 35. Rxc2 bxc2 36. Kxc2 Rxf3 37. Rb7 Rf4 38. Rxb5 Rxe4 39. Rd5
Rd4 0-1

[Event "ARA Campeonato de Aragon por Equipos Preferente Grupo II (204366)"]
[Site ""]
[Date "2019.03.23"]
[Round "9.68"]
[White "Munoz Valles, Jorge"]
[Black "Moya Gimeno, Raul"]
[Result "0-1"]
[WhiteElo "1441"]
[BlackElo "1710"]
[PlyCount "0"]
[WhiteTeam "El Olivar B"]
[BlackTeam "Marcos Frechin B"]
[EventDate "2019.01.26"]

1. d4 Nf6 2. c4 g6 3. Nc3 Bg7 4. e4 d6 5. Nf3 O-O 6. Be2 e5 7. O-O Nc6 8. d5
Ne7 9. Ne1 Ne8 10. Be3 f5 11. f3 f4 12. Bf2 g5 13. Nd3 Nf6 14. Rc1 Rf7 15. b4
Ng6 16. c5 h5 17. Qc2 g4 18. cxd6 cxd6 19. Nb5 g3 20. hxg3 fxg3 21. Bxg3 Ne8
22. Nxa7 Rc7 23. Nc6 bxc6 24. dxc6 Be6 25. a4 Bh6 26. f4 exf4 27. Bxf4 Nxf4 28.
Nxf4 Qh4 29. Bc4 Bxf4 30. Bxe6+ Kh8 31. Qc3+ Rg7 32. Qh3 Qxh3 33. Bxh3 Bxc1 34.
Rxc1 Rxa4 35. Bd7 Nc7 36. b5 Rb4 37. Kf2 Rxb5 38. Rc2 Rbg5 39. g4 hxg4 40. Kg3
Re5 41. Rc4 Rc5 42. Rxc5 dxc5 43. e5 Kg8 44. Kf4 g3 45. Bh3 g2 46. Bxg2 Rxg2
0-1

[Event "ARA Campeonato de Aragon por Equipos Preferente Grupo II (204366)"]
[Site ""]
[Date "2019.03.23"]
[Round "9.69"]
[White "Malo Guillen, Jose Luis"]
[Black "Buisan Zaharia, Pedro"]
[Result "0-1"]
[WhiteElo "2140"]
[BlackElo "1918"]
[PlyCount "0"]
[WhiteTeam "Las Fuentes"]
[BlackTeam "Jaque B"]
[EventDate "2019.01.26"]

1. d4 d6 2. Nf3 Nf6 3. c4 g6 4. g3 Bg7 5. Bg2 O-O 6. O-O Nbd7 7. Nc3 c6 8. e4
e5 9. Rb1 Qe7 10. h3 Rd8 11. Be3 exd4 12. Bxd4 Ne5 13. Qe2 Nfd7 14. Rbd1 Nf8
15. Nxe5 dxe5 16. Bc5 Qe8 17. Rxd8 Qxd8 18. Rd1 Qe8 19. f4 Be6 20. Bd6 Nd7 21.
Nd5 cxd5 22. cxd5 Rc8 23. b3 Nb6 24. dxe6 Qxe6 25. Qb5 Rd8 26. Qb4 Nc8 27. Qxb7
Rxd6 28. Rxd6 Nxd6 29. Qxa7 h6 30. Kh2 Kh7 31. Qe3 Nb5 32. f5 Qc6 33. h4 Nd4
34. fxg6+ fxg6 35. h5 Qc2 36. hxg6+ Kxg6 37. a4 Qxb3 38. Qxb3 Nxb3 39. Bh3 Bf8
40. Be6 Nc5 41. Bf5+ Kg5 42. a5 Bd6 43. Kg2 Bc7 44. Kf3 Bxa5 45. Bc8 Nb3 46.
Ke2 Nd4+ 47. Kf2 Bd2 48. Bd7 Kf6 49. Bg4 Ke7 50. Bh5 Kd6 51. Bf7 Kc5 52. Bg8
Kb4 53. Bf7 Kc3 54. Bg8 Kd3 55. Bd5 Be3+ 56. Kg2 Nb5 57. Kf3 Nd4+ 58. Kg2 Bg5
59. Kf2 Nb5 60. Kf3 Nc3 61. Bc6 Nb1 62. Kg4 Nd2 63. Kf5 Kd4 64. Bb7 Nc4 0-1

[Event "ARA Campeonato de Aragon por Equipos Preferente Grupo II (204366)"]
[Site ""]
[Date "2019.03.23"]
[Round "9.70"]
[White "Buisac Anadon, Pablo"]
[Black "Alonso Blasco, Jose Miguel"]
[Result "1/2-1/2"]
[WhiteElo "1864"]
[BlackElo "1958"]
[PlyCount "0"]
[WhiteTeam "Jaque B"]
[BlackTeam "Las Fuentes"]
[EventDate "2019.01.26"]

1. d4 Nf6 2. Nf3 e6 3. g3 b5 4. Bg2 Bb7 5. O-O c5 6. c3 Be7 7. Bg5 cxd4 8. Nxd4
Bxg2 9. Kxg2 Qb6 10. Qb3 b4 11. Rd1 Nc6 12. e3 h6 13. Bxf6 Bxf6 14. Nd2 Nxd4
15. cxd4 O-O 16. Rdc1 Be7 17. Rc2 Qb7+ 18. Kg1 Rfc8 19. Rac1 d5 20. Nf3 Bd6 21.
Ne1 Rab8 22. Nd3 Rxc2 23. Rxc2 Qb5 24. Rc1 a5 25. Qd1 Kf8 26. Nc5 Kg8 27. Nd3
Kf8 28. Nc5 Rb6 29. Qa4 Ke7 30. Qxb5 Rxb5 31. Nd3 Kd7 32. Kf1 a4 33. Ke2
1/2-1/2

[Event "ARA Campeonato de Aragon por Equipos Preferente Grupo II (204366)"]
[Site ""]
[Date "2019.03.23"]
[Round "9.72"]
[White "Pascual Sese, Lucas"]
[Black "Javierre Conesa, Alfonso"]
[Result "1-0"]
[WhiteElo "1712"]
[BlackElo "1911"]
[PlyCount "0"]
[WhiteTeam "Jaque B"]
[BlackTeam "Las Fuentes"]
[EventDate "2019.01.26"]

1. d4 d5 2. Bf4 Nf6 3. e3 e6 4. Nd2 c5 5. c3 Nc6 6. Ngf3 Bd6 7. Bg3 O-O 8. Bd3
Qe7 9. Ne5 cxd4 10. exd4 Qc7 11. f4 a6 12. O-O b5 13. a3 Na5 14. Qe2 Nc4 15.
Ndf3 Bb7 16. Ng5 Ne4 17. Bxe4 dxe4 18. Nxc4 Qxc4 19. Qxc4 bxc4 20. Rae1 f5 21.
Nxe6 Rf6 22. Nc5 Bc6 23. Rf2 Rb8 24. Nxa6 Ra8 25. Nb4 Bxb4 26. cxb4 Ba4 27. Rd2
Re6 28. Bf2 Rd8 29. Re3 Rd5 30. Rc3 Rc6 31. h3 Kf7 32. g4 g6 33. g5 Kg7 34. Be3
h5 35. gxh6+ Kxh6 36. Rg2 Kh7 37. Kf2 Bb3 38. h4 Rcd6 39. Ke1 Rc6 40. Rg1 Re6
41. Kf2 Rc6 42. Rgc1 Rdd6 43. Rxb3 cxb3 44. Rc5 Kh6 45. b5 Rc8 46. Rxc8 1-0

[Event "División de Honor Aragonesa 2019 - Encuentros por tableros Global"]
[Site ""]
[Date "2019.03.30"]
[Round "10.1"]
[White "Adla, Diego"]
[Black "Forcen Esteban, Daniel"]
[Result "0-1"]
[WhiteElo "2441"]
[BlackElo "2567"]
[PlyCount "0"]
[WhiteTeam "St. Casablanca"]
[BlackTeam "Jaime Casas"]
[EventDate "2019.01.26"]

1. c4 e5 2. Nc3 Bb4 3. Nd5 a5 4. a3 Bc5 5. e3 Nf6 6. d4 Nxd5 7. cxd5 exd4 8.
exd4 Be7 9. Bd3 d6 10. Ne2 Nd7 11. Nc3 Nb6 12. Be3 O-O 13. O-O g6 14. b3 Bd7
15. Re1 Bf6 16. Qf3 Bg7 17. Rac1 Rc8 18. a4 Qh4 19. g3 Bg4 20. Qh1 Qd8 21. Nb5
Qd7 22. Be4 Rfe8 23. Bd2 f5 24. Bd3 Rxe1+ 25. Bxe1 Bh6 26. f4 g5 27. Bxa5 gxf4
28. Bxb6 fxg3 29. Re1 Bd2 30. Re6 cxb6 31. Bc4 Qg7 32. hxg3 f4 33. Qe4 Rf8 34.
Re8 Be3+ 35. Kf1 fxg3+ 36. Kg2 Bh3+ 37. Kxh3 Qh6+ 38. Kxg3 Bf2+ 39. Kg2 Qg5+
40. Kf1 Qc1+ 41. Ke2 Qe1+ 42. Kd3 Rxe8 43. Qxe1 Bxe1 44. Nxd6 Rd8 45. Ne4 Kg7
46. d6 Bb4 47. Bd5 Bxd6 48. Nxd6 Rxd6 49. Bxb7 Kf6 50. b4 Rd7 51. Be4 Ra7 52.
Kc4 h5 53. Kb5 h4 54. Bc6 Rc7 55. Ba8 Rc8 56. Bb7 Rb8 57. Bg2 Ke7 58. Kc6 Rg8
59. Bh3 Rg3 60. Bf5 Rf3 61. Bg4 Rf4 62. Bh3 Rxd4 63. b5 Rd6+ 64. Kb7 Kd8 65.
Bf5 Rf6 66. Bh3 Rh6 0-1

[Event "División de Honor Aragonesa 2019 - Encuentros por tableros Global"]
[Site ""]
[Date "2019.03.30"]
[Round "10.2"]
[White "Antoli Royo, Joaquin Miguel"]
[Black "Glavina, Pablo"]
[Result "0-1"]
[WhiteElo "2438"]
[BlackElo "2397"]
[PlyCount "0"]
[WhiteTeam "Jaime Casas"]
[BlackTeam "St. Casablanca"]
[EventDate "2019.01.26"]

1. e4 e5 2. Nf3 Nc6 3. Bc4 Nf6 4. d3 Bc5 5. O-O O-O 6. c3 d6 7. a4 a5 8. h3 Be6
9. Bxe6 fxe6 10. Nbd2 Qe8 11. Nc4 Rd8 12. Qb3 b6 13. Qb5 Nh5 14. Kh2 d5 15.
Ncd2 Nf4 16. Nb3 Nxh3 17. Nxc5 Rxf3 18. gxf3 Qh5 19. Kg2 Rf8 20. Qxc6 Qxf3+ 21.
Kh2 Nf4 22. Bxf4 Qxf4+ 23. Kg2 Qg4+ 24. Kh2 Qh5+ 25. Kg2 Rf6 26. Qxe6+ Rxe6 27.
Nxe6 Qg4+ 28. Kh2 Qxe6 29. Rae1 Qh6+ 30. Kg1 Qg5+ 31. Kh2 Qf4+ 32. Kg1 Qg5+ 33.
Kh2 Qd2 34. exd5 Qxd3 35. Rd1 Qe2 36. Kg3 Qxb2 37. Rd3 Qa2 38. Re1 Qc4 39. Ree3
h5 40. f3 Qf4+ 41. Kg2 h4 42. Re2 Qxa4 43. d6 cxd6 44. Rxd6 Qf4 45. Rg6 h3+ 0-1

[Event "División de Honor Aragonesa 2019 - Encuentros por tableros Global"]
[Site ""]
[Date "2019.03.30"]
[Round "10.3"]
[White "Quintin Navarro, Alberto"]
[Black "Ramiro Ovejero, Juan Luis"]
[Result "0-1"]
[WhiteElo "2391"]
[BlackElo "2358"]
[PlyCount "0"]
[WhiteTeam "St. Casablanca"]
[BlackTeam "Jaime Casas"]
[EventDate "2019.01.26"]

1. e4 e6 2. d4 d5 3. Nc3 Nf6 4. e5 Nfd7 5. f4 c5 6. Nf3 Nc6 7. Be3 Be7 8. Qd2
O-O 9. dxc5 Bxc5 10. Bxc5 Nxc5 11. O-O-O a6 12. Qf2 b6 13. Kb1 f6 14. exf6 Qxf6
15. g3 Bb7 16. Bd3 Rad8 17. Rhe1 Kh8 18. Qe2 Nb4 19. Ne5 Nbxd3 20. Nxd3 Rfe8
21. Qe5 Ne4 22. Ne2 Rc8 23. Qd4 Qxd4 24. Nxd4 Rc7 25. Ne5 h6 26. Re3 g5 27.
fxg5 hxg5 28. Rf3 Bc8 29. a3 Rh7 30. h4 gxh4 31. gxh4 Rh5 32. Ndc6 Nd6 33. Ng6+
Kh7 34. Nce5 Rf5 35. Rxf5 Nxf5 36. Rd3 d4 37. Rb3 b5 38. a4 Rg8 39. h5 bxa4 40.
Rb6 Kh6 41. Rc6 Kxh5 42. Rc7 Kg5 43. Ka2 Nd6 44. Rc6 Rd8 45. Ka3 Kf6 46. Kb4
Bb7 47. Rc7 Be4 0-1

[Event "División de Honor Aragonesa 2019 - Encuentros por tableros Global"]
[Site ""]
[Date "2019.03.30"]
[Round "10.4"]
[White "Fontana Sotomayor, Luis Javier"]
[Black "Chueca Lorente, Javier"]
[Result "1-0"]
[WhiteElo "2256"]
[BlackElo "2122"]
[PlyCount "0"]
[WhiteTeam "Jaime Casas"]
[BlackTeam "St. Casablanca"]
[EventDate "2019.01.26"]


1. e4 c5 2. Nc3 g6 3. g3 Bg7 4. Bg2 Nc6 5. d3 e6 6. Be3 d6 7. f4 Nge7 8. Nf3
O-O 9. O-O b6 10. Qd2 Ba6 11. Bf2 Qd7 12. Rfe1 f5 13. d4 cxd4 14. Nxd4 Rad8 15.
Rad1 e5 16. Nxc6 Nxc6 17. exf5 gxf5 18. Qd5+ Kh8 19. Qxc6 Qe7 20. Nd5 Qf7 21.
Nb4 Bc8 22. Nd5 Be6 23. c3 Rc8 24. Qa4 Bh6 25. fxe5 f4 26. Nxf4 Rc4 27. Qc2 Bf5
28. Qe2 Bxf4 29. e6 Bxe6 30. Qxe6 Qxe6 31. Rxe6 Be5 32. Bd4 Bxd4+ 33. Rxd4 Rc7
34. Rexd6 Re7 35. Re4 Ref7 36. Rde6 Rd7 37. Rd4 Rdf7 38. Rd1 Kg7 39. Rf1 Rd8
40. Rxf7+ Kxf7 41. Re2 Rd1+ 42. Kf2 h5 43. h4 Kg6 44. Be4+ Kf6 45. Bc2 Rh1 46.
Ke3 Rg1 47. Rf2+ Ke5 48. Rf5+ Ke6 49. Rxh5 Rxg3+ 50. Kf2 Rg7 51. Rg5 Rf7+ 52.
Kg3 Rf1 53. Be4 Rg1+ 54. Bg2 Kf6 55. Rg4 Rb1 56. h5 Rxb2 57. h6 Rb5 58. Kh4 Rc5
59. h7 Rc8 60. Rg8 Rc4+ 61. Kh5 Rc5+ 62. Kh6 1-0

[Event "División de Honor Aragonesa 2019 - Encuentros por tableros Global"]
[Site ""]
[Date "2019.03.30"]
[Round "10.5"]
[White "Baron Rodriguez, Jesus"]
[Black "Villuendas Valero, Adrian"]
[Result "1-0"]
[WhiteElo "2416"]
[BlackElo "2249"]
[PlyCount "0"]
[WhiteTeam "Ibercaja"]
[BlackTeam "El Olivar"]
[EventDate "2019.01.26"]

1. e4 e6 2. d4 d5 3. Nd2 a6 4. Ngf3 Nf6 5. Bd3 c5 6. c3 cxd4 7. cxd4 dxe4 8.
Nxe4 Be7 9. O-O O-O 10. Qe2 Nc6 11. Rd1 Nb4 12. Bb1 Nbd5 13. Ne5 Bd7 14. Qf3
Rc8 15. Qh3 Nxe4 16. Bxe4 f5 17. Bxd5 exd5 18. Qb3 Bc6 19. f4 Qd6 20. Bd2 Bb5
21. Rac1 Rfd8 22. Bb4 Bc4 23. Bxd6 Bxb3 24. Bxe7 Bxd1 25. Rxd1 Re8 26. Bb4 Rc2
27. Rd2 Rc1+ 28. Kf2 a5 29. Bxa5 Ra8 30. Bc3 Rxa2 31. Re2 h6 32. Nd3 Rd1 33.
Nb4 Ra5 34. Re5 1-0

[Event "División de Honor Aragonesa 2019 - Encuentros por tableros Global"]
[Site ""]
[Date "2019.03.30"]
[Round "10.6"]
[White "Hernando Garcia, Antonio"]
[Black "Lopez Gracia, Fernando"]
[Result "0-1"]
[WhiteElo "2139"]
[BlackElo "2293"]
[PlyCount "0"]
[WhiteTeam "El Olivar"]
[BlackTeam "Ibercaja"]
[EventDate "2019.01.26"]

1. Nf3 d5 2. c4 e6 3. cxd5 exd5 4. d4 Nf6 5. Nc3 c6 6. Bg5 Be7 7. Qc2 g6 8. e3
Bf5 9. Bd3 Bxd3 10. Qxd3 Nbd7 11. O-O O-O 12. Bxf6 Nxf6 13. Rfc1 Bd6 14. h3 Qe7
15. Nd2 Rae8 16. Rab1 Nh5 17. Re1 f5 18. f4 g5 19. fxg5 Qxg5 20. Nf3 Qh6 21. b4
Re6 22. Nd1 Rg6 23. Nf2 Ng3 24. Nd2 Kh8 25. Nf1 Qg5 26. Nxg3 Qxg3 27. Kf1 f4
28. Ke2 fxe3 29. Ng4 Rxg4 30. hxg4 Rf2+ 31. Kd1 Rd2+ 32. Qxd2 exd2 33. Kxd2
Bf4+ 34. Kc2 Qxg2+ 35. Kb3 Qf3+ 36. Kc2 Qf2+ 37. Kb3 Qxd4 38. Re8+ Kg7 39. Rbe1
Bd2 40. R1e7+ Kg6 0-1

[Event "División de Honor Aragonesa 2019 - Encuentros por tableros Global"]
[Site ""]
[Date "2019.03.30"]
[Round "10.7"]
[White "Moreno Gracia, Daniel"]
[Black "Melendez Fierro, Juan Bautista"]
[Result "1-0"]
[WhiteElo "2289"]
[BlackElo "2108"]
[PlyCount "0"]
[WhiteTeam "Ibercaja"]
[BlackTeam "El Olivar"]
[EventDate "2019.01.26"]


1. c4 e5 2. Nc3 Nc6 3. g3 g6 4. Bg2 Bg7 5. Nf3 d6 6. d3 f5 7. O-O Nf6 8. Rb1 a5
9. a3 O-O 10. b4 axb4 11. axb4 h6 12. Nd2 f4 13. b5 Nd4 14. Bb2 h5 15. Nde4 h4
16. e3 Ne6 17. Nxf6+ Qxf6 18. Ne4 Qf7 19. b6 f3 20. Bh1 Bh6 21. bxc7 Ng5 22.
Nxg5 Bxg5 23. c5 hxg3 24. hxg3 Bg4 25. cxd6 Bf6 26. Bxf3 Bxf3 27. Qxf3 Ra2 28.
Qg4 1-0